Pokémon - Attacken von Aquana in PLA - Statistiken

Allgemein
  • Dieses Quiz wurde 3 mal gespielt
  • Das Durchschnittsergebnis liegt bei 4 aus 19
Antwortstatistiken
Antwort % Korrekt
Aquawelle
67%
Tackle
67%
Blubber
33%
Eisenschweif
33%
Eisstrahl
33%
Eissturm
33%
Erholung
33%
Risikotackle
33%
Ruckzuckhieb
33%
Energiefokus
0%
Gedankengut
0%
Gigastoß
0%
Hyperstrahl
0%
Kulleraugen
0%
Mimikry
0%
Nassschweif
0%
Spukball
0%
Sternschauer
0%
Zertrümmerer
0%
Keine übereinstimmenden Quizze gefunden
Verteilung der Resultate
Anzahl Personen mit jedem Resultat
Perzentil nach korrekt beantworteten Fragen
Ihre Resultats-Entwicklung
Sie haben dieses Quiz noch nicht gespielt